Rakhit v Carty (Record no. 24850)
[ view plain ]
| 000 -LEADER | |
|---|---|
| fixed length control field | 01567cab a2200205 4500 |
| 001 - CONTROL NUMBER | |
| control field | ABS42745 |
| 008 - FIXED-LENGTH DATA ELEMENTS--GENERAL INFORMATION | |
| fixed length control field | 090401t1990 xxu||||| |||| 00| 0 eng d |
| 035 ## - SYSTEM CONTROL NUMBER | |
| System control number | (Sirsi) u38681 |
| 041 ## - LANGUAGE CODE | |
| Language code of text/sound track or separate title | eng |
| 245 ## - TITLE STATEMENT | |
| Title | Rakhit v Carty |
| 260 ## - PUBLICATION, DISTRIBUTION, ETC. | |
| Date of publication, distribution, etc. | 1990 |
| 350 ## - PRICE (NR) (BK AM CF MU VM SE) [OBSOLETE] | |
| Price | 0 |
| 490 ## - SERIES STATEMENT | |
| Series statement | Weekly Law Reports |
| Volume/sequential designation | (1990) 2 WLR 1107-1115(9) |
| 520 ## - SUMMARY, ETC. | |
| Summary, etc. | CA 6 February 1990. Appeal by tenant (C) against cc`s dismissal of her counterclaim for overpaid rent for a flat and order for possession . In October 1974 a rent of £550 pa was registered as the fair rent of the flat unfurnished . In October 1987 the landlord (R) let the flat under a furnished tenancy at a rent of £450 per month. Both parties were unaware of the registered rent . In October 1988 R started proceedings for possession and claimed arrears of rent based on the rent payable under the tenancy agreement up to 8 December 1988 when a fair rent of £380 per month for the flat as furnished was registered. C resisted the claim for possession and counterclaimed overpaid rent. On appeal to CA, it was held that under Rent Act 1977 s44(1) R was not entitled to reclaim more than the registered rent, since the provision of furniture does not affect the recoverable rent, which remains the registered rent until that rent is cancelled or increased on a fresh registration. Therefore the ap |
| 650 ## - SUBJECT ADDED ENTRY--TOPICAL TERM | |
| Topical term or geographic name entry element | CASE LAW |
| 650 ## - SUBJECT ADDED ENTRY--TOPICAL TERM | |
| Topical term or geographic name entry element | PROPERTY-RESIDENTIAL PROPERTY-RESIDENTIAL LANDLORD AND TENANT-RESIDENTIAL TENANCIES |
| 690 ## - LOCAL SUBJECT ADDED ENTRY--TOPICAL TERM (OCLC, RLIN) | |
| Topical term or geographic name as entry element | LANDLORD AND TENANT-CASE LAW-RESIDENTIAL TENANCIES |
| 942 ## - ADDED ENTRY ELEMENTS (KOHA) | |
| Suppress in OPAC | 0 |
| 948 ## - LOCAL PROCESSING INFORMATION (OCLC); SERIES PART DESIGNATOR (RLIN) | |
| c (OCLC) | 04/03/1997 |
| Withdrawn status | Lost status | Source of classification or shelving scheme | Damaged status | Not for loan | Home library | Current library | Shelving location | Date acquired | Total Checkouts | Full call number | Barcode | Date last seen | Copy number | Price effective from | Koha item type |
|---|---|---|---|---|---|---|---|---|---|---|---|---|---|---|---|
| Dewey Decimal Classification | London | London | Journal article | 14/09/1999 | ABS42745 | 38681-1001 | 06/08/2019 | 1 | 06/08/2019 | Law report |